High-risk mission (Record no. 118302)
[ view plain ]
| 000 -LEADER | |
|---|---|
| fixed length control field | 01400cam a2200241 4500 |
| 001 - CONTROL NUMBER | |
| control field | ABS68447 |
| 008 - FIXED-LENGTH DATA ELEMENTS--GENERAL INFORMATION | |
| fixed length control field | 041115n2004 000 0 eng u |
| 035 ## - SYSTEM CONTROL NUMBER | |
| System control number | (Sirsi) u127963 |
| 100 ## - MAIN ENTRY--PERSONAL NAME | |
| Personal name | Lewis |
| -- | C. |
| 245 ## - TITLE STATEMENT | |
| Title | High-risk mission |
| 260 ## - PUBLICATION, DISTRIBUTION, ETC. | |
| Date of publication, distribution, etc. | 2004 |
| 490 ## - SERIES STATEMENT | |
| Series statement | Estates Gazette |
| Volume/sequential designation | (0445) 6 November 2004, 116-118(3) |
| 520 ## - SUMMARY, ETC. | |
| Summary, etc. | Highlights issues landlords should take into consideration when leasing property to overseas embassies including diplomatic and state immunity. Warns that landlords do not enjoy the usual protection and benefits of the Landlord and Tenant Act 1954 when letting to diplomatic tenants. Personal assurances from diplomatic and consular staff carry no guarantee due to individual immunity from prosecution. Looks at the consequences to tenants who sublet property for diplomatic use as they have no legal redress and can put themselves at risk. Investigates whether a landlord can reasonably withhold consent to assign a lease where the assignee has the benefit of state or diplomatic immunity. Does not discuss other risks such as security issues and terrorism threats. |
| 590 ## - LOCAL NOTE (RLIN) | |
| Local note | ABS |
| 590 ## - LOCAL NOTE (RLIN) | |
| Local note | ABS |
| 650 ## - SUBJECT ADDED ENTRY--TOPICAL TERM | |
| Topical term or geographic name entry element | DIPLOMATIC PREMISES |
| 650 ## - SUBJECT ADDED ENTRY--TOPICAL TERM | |
| Topical term or geographic name entry element | DIPLOMATIC IMMUNITY |
| 650 ## - SUBJECT ADDED ENTRY--TOPICAL TERM | |
| Topical term or geographic name entry element | STATE IMMUNITY ACT 1978 |
| 650 ## - SUBJECT ADDED ENTRY--TOPICAL TERM | |
| Topical term or geographic name entry element | DIPLOMATIC PRIVILEGES ACT 1964 |
| 650 ## - SUBJECT ADDED ENTRY--TOPICAL TERM | |
| Topical term or geographic name entry element | LANDLORD AND TENANT ACT 1954 |
| 690 ## - LOCAL SUBJECT ADDED ENTRY--TOPICAL TERM (OCLC, RLIN) | |
| Topical term or geographic name as entry element | LANDLORD AND TENANT-LEASES |
| 942 ## - ADDED ENTRY ELEMENTS (KOHA) | |
| Suppress in OPAC | 0 |
| Withdrawn status | Lost status | Source of classification or shelving scheme | Damaged status | Not for loan | Home library | Current library | Shelving location | Date acquired | Total Checkouts | Full call number | Barcode | Date last seen | Copy number | Price effective from | Koha item type |
|---|---|---|---|---|---|---|---|---|---|---|---|---|---|---|---|
| Dewey Decimal Classification | London | London | Journal article | 15/11/2004 | ABS68447 | 127963-1001 | 06/08/2019 | 1 | 06/08/2019 | Journal article |